Музееведение. Музеи исторического профиля: учебное пособие

מידע ביבליוגרפי
מחברים אחרים: Левыкин К. Г. Константин Григорьевич (редактор), Хербст В.
סיכום:Исключено из фонда НТБ ТПУ
שפה:רוסית
יצא לאור: Москва, Высшая школа, 1988
פורמט: ספר
KOHA link:https://koha.lib.tpu.ru/cgi-bin/koha/opac-detail.pl?biblionumber=158777

MARC

LEADER 00000nam0a2200000 4500
001 158777
005 20231031154603.0
010 |a 506001469X 
020 |a RU  |b 88-91824 
035 |a (RuTPU)RU\TPU\book\172202 
090 |a 158777 
100 |a 20090428d1988 m a0rusy5003 ca 
101 0 |a rus 
102 |a RU 
105 |a a j 001zy 
200 1 |a Музееведение. Музеи исторического профиля  |e учебное пособие  |f под ред. К. Г. Левыкина, В. Хербста 
210 |a Москва  |c Высшая школа  |d 1988 
215 |a 431 с.  |c ил. 
320 |a Библиогр.: с. 328-358. 
320 |a Предм. указ.: с. 422-426. 
333 |a Исключено из фонда НТБ ТПУ 
702 1 |a Левыкин  |b К. Г.  |g Константин Григорьевич  |4 340 
702 1 |a Хербст  |b В.  |4 340 
801 0 |a RU  |b RuMRKP  |c 19950417  |g psbo 
801 1 |a RU  |b 63413507  |c 20090428  |g PSBO 
801 2 |a RU  |b 63413507  |c 20161129  |g PSBO 
942 |c BK